| 000 | nam a22 7a 4500 | ||
|---|---|---|---|
| 999 |
_c18340 _d18340 |
||
| 008 | 161216b xxu||||| |||| 00| 0 eng d | ||
| 020 | _a9780713682861 | ||
| 050 | _aREF HF 5621 .C65 2009 | ||
| 100 |
_aCollin, S. M. H _d2009 |
||
| 245 |
_aDictonary of Accounting/ _cS.M.H. Collin |
||
| 250 | _a4th ed | ||
| 260 |
_aLondon: _bA & C Black Publishers, _c2009. |
||
| 300 |
_a239p.: _bill.; _c24cm. |
||
| 521 | _aIncludes suppliments. | ||
| 650 | _aAccounting. | ||
| 650 | _aBusiness. | ||
| 942 |
_2lcc _cBOOKS _hREF HF 5621 .C65 2009 |
||